000
00223nam a2200097Ia 4500
005
20251222151259.0
008
251222s9999||||xx |||||||||||||| ||spa||
082
_a
DTI-2 INT-DTI-2
245
0
_a
AULA DIGITAL UCSS
942
_c
LIB
999
_c
22938
_d
22938